[Event "Match"]
[Site "www.echecsemail.com"]
[Date "2016.09.18"]
[Round "1"]
[White "Sergiodon"]
[Black "Robroy"]
[WhiteElo "1399"]
[BlackElo "1399"]
[Result "0-1"]
[Round "1"]
1.e4 c5
2.Ng1f3 Nb8c6
3.Bf1c4 d6
4.O-O a6
5.d4 e6
6.dxc5 e5
7.Qd1d3 Qd8f6
8.Rf1d1 Bf8e7
 { time }
0-1

[Event "1/128 Finale"]
[Site "www.chess-mail.com"]
[Date "2016.09.18"]
[Round "1"]
[White "Attatroll"]
[Black "Ursulachess"]
[WhiteElo "1850"]
[BlackElo "1299"]
[Result "1-0"]
[Round "1"]
1.e4 Ng8f6
2.e5 Nf6d5
3.Ng1f3 d6
4.Bf1c4 Nd5b6
5.Bc4b3 Nb8c6
6.exd6 exd6
7.O-O Bf8e7
8.d4 O-O
9.c3 Bc8f5
10.Bc1f4 Qd8d7
11.Rf1e1 Ra8e8
12.Nb1d2  { time }
1-0

[Event "1/128 Finale"]
[Site "www.chess-mail.com"]
[Date "2016.09.18"]
[Round "1"]
[White "Mitja"]
[Black "Sergiodon"]
[WhiteElo "1900"]
[BlackElo "1399"]
[Result "1-0"]
[Round "1"]
1.d4 d5
2.e3 e6
3.Ng1f3 Bf8d6
4.c3 b6
5.Nb1d2 Bc8b7
6.Nd2b3 c5
7.dxc5 bxc5
8.Bf1e2 Ng8f6
9.h3 O-O
10.O-O Nf6e4
11.Nb3d2  { time }
1-0

[Event "Eq:Nightwish-Los Tercios : "]
[Site "www.chess-mail.com"]
[Date "2016.09.18"]
[Round "1"]
[White "Ursulachess"]
[Black "Prize64"]
[WhiteElo "1169"]
[BlackElo "2370"]
[Result "0-1"]
[Round "1"]
1.e4 c5
2.Ng1f3 Nb8c6
3.d4 cxd4
4.Nf3xd4 e5
5.Nd4xc6 bxc6
6.Nb1c3 Bf8e7
7.Bf1c4 Ng8f6
 { time }
0-1

[Event "Eq:Nightwish-Latinoamerica : "]
[Site "www.chess-mail.com"]
[Date "2016.09.18"]
[Round "1"]
[White "Terrysweden"]
[Black "Vitoriccardo"]
[WhiteElo "1579"]
[BlackElo "2040"]
[Result "0-1"]
[Round "1"]
1.e4 e6
2.Ng1f3 d5
3.Nb1c3 d4
4.Nc3e2 c5
5.Ne2g3 Nb8c6
6.Bf1c4 e5
7.d3 Ng8e7
8.Nf3g5 Bc8e6
 { time }
0-1

[Event "Tourn. n8915"]
[Site "www.chess-mail.com"]
[Date "2016.09.19"]
[Round "1"]
[White "Redabond"]
[Black "Falcoale"]
[WhiteElo "1680"]
[BlackElo "1500"]
[Result "0-1"]
[Round "1"]
1.d4 Ng8f6
2.Bc1f4 e6
3.Nb1c3 b6
4.Nc3b5 d6
5.Ng1f3 Nb8c6
6.e3 a6
7.Nb5c3 Bc8b7
8.Bf4g5 h6
9.Bg5xf6 Qd8xf6
10.d5 Nc6e5
11.Nf3xe5 Qf6xe5
12.dxe6 fxe6
13.Bf1d3 Bb7xg2
14.Rh1g1 Bg2b7
15.Bd3g6 Kd7
16.Qd1f3 Bb7xf3
17.Rg1g3 Bf3b7
18.f4 Qe5f6
19.Bg6d3 Qf6h4
20.O-O-O Qh4xh2
21.Rd1g1 Bf8e7
22.Rg3xg7 h5
23.f5 Qh2e5
24.fxe6 Qe5xe6
25.Rg1f1 Qe6xe3
26.Kb1 Ra8g8
27.Rg7f7 Rg8f8
28.Rf7g7 Rf8xf1
29.Bd3xf1 Qe3e1
{ resign }
0-1

[Event "Tourn. n8851"]
[Site "www.chess-mail.com"]
[Date "2016.09.19"]
[Round "1"]
[White "Obisporey"]
[Black "Prize64"]
[WhiteElo "2590"]
[BlackElo "2390"]
[Result "1-0"]
[Round "1"]
1.e4 c5
2.Ng1f3 Nb8c6
3.Bf1b5 g6
4.Bb5xc6 bxc6
5.O-O Bf8g7
6.Rf1e1 Ng8h6
7.c3 O-O
8.d4 cxd4
9.cxd4 f6
10.Nb1c3 d6
11.Qd1a4 Qd8b6
12.b4 Bc8a6
13.Qa4b3 Nh6f7
14.a4 Ra8b8
15.b5 cxb5
16.axb5 Ba6xb5
17.Qb3xb5 Qb6xb5
18.Nc3xb5 Rb8xb5
19.Ra1xa7 e5
20.Bc1a3 Rf8d8
21.h3 Rd8b8
22.Re1e2 Rb5b1
23.Kh2 Rb1b7
24.Ra7xb7 Rb8xb7
25.Re2c2 h5
26.Rc2c8 Kh7
27.d5 Rb7b3
28.Ba3c1 g5
29.Nf3d2 Rb3d3
30.g4 hxg4
31.hxg4 Kg6
32.Nd2c4 Rd3d1
33.Bc1a3  { time }
1-0

[Event "Tourn. n8918"]
[Site "www.chess-mail.com"]
[Date "2016.09.19"]
[Round "1"]
[White "Bevittsmith"]
[Black "Bichoraro92"]
[WhiteElo "2250"]
[BlackElo "2070"]
[Result "1-0"]
[Round "1"]
1.e4 e5
2.Ng1f3 Ng8f6
3.d4 Nf6xe4
4.Bf1d3 d5
5.Nf3xe5 Bf8d6
6.O-O O-O
7.c4 c6
8.Nb1c3 Bc8f5
9.Nc3xe4 dxe4
10.Bd3c2 f6
11.c5 fxe5
12.cxd6 Qd8xd6
13.Bc1e3 exd4
14.Qd1xd4  { time }
1-0

[Event "Tourn. n8864"]
[Site "www.chess-mail.com"]
[Date "2016.09.19"]
[Round "1"]
[White "Destructor"]
[Black "Ejner"]
[WhiteElo "2319"]
[BlackElo "2470"]
[Result "1-0"]
[Round "1"]
1.e4 e6
2.d4 d5
3.Nb1c3 dxe4
4.Nc3xe4 Nb8d7
5.Ng1f3 Ng8f6
6.Bf1d3 c5
7.O-O Nf6xe4
8.Bd3xe4 Nd7f6
9.Bc1g5 cxd4
10.Qd1e2 Qd8b6
11.Bg5xf6 gxf6
12.Ra1d1 Bf8g7
13.Nf3xd4 O-O
14.c3 Bc8d7
15.Be4c2 Ra8d8
16.Qe2h5 f5
17.g4 Bg7xd4
18.Rd1xd4 Kh8
19.Qh5h6 e5
20.Rd4d6 Qb6c7
21.Qh6f6 Kg8
22.Rf1d1 fxg4
23.Bc2xh7 { resign }
1-0

[Event "Tourn. n8776"]
[Site "www.chess-mail.com"]
[Date "2016.09.19"]
[Round "1"]
[White "Seger"]
[Black "Heiserman"]
[WhiteElo "2760"]
[BlackElo "2340"]
[Result "1-0"]
[Round "1"]
1.e4 c6
2.d4 d5
3.exd5 cxd5
4.Bf1d3 Nb8c6
5.c3 e5
6.dxe5 Nc6xe5
7.Qd1e2 Qd8e7
8.Bc1e3 Ne5xd3
9.Qe2xd3 Qe7c7
10.Nb1d2 Ng8f6
11.Ng1f3 Bf8d6
12.O-O O-O
13.Be3d4 Nf6g4
14.h3 Ng4h2
15.Nf3g5 g6
16.Rf1e1 Bc8f5
17.Qd3b5 h6
18.Nd2e4 dxe4
19.Ng5xe4 Bf5xe4
20.Re1xe4 Ra8d8
21.Ra1e1 Qc7c8
22.Re1e3 Bd6c7
23.Re4h4 Rd8xd4
24.cxd4 a6
25.Qb5d3 Kh7
26.d5 Qc8d7
27.g3 Bc7d8
28.Rh4e4 Qd7xh3
29.g4 Qh3h4
30.Re3h3 Qh4g5
31.Kxh2 f5
32.gxf5 Rf8xf5
33.Rh3f3 Bd8c7
34.Kh3 Rf5xd5
35.Re4e7 Qg5xe7
36.Qd3xd5  { time }
1-0

[Event "Tourn. n8900"]
[Site "www.chess-mail.com"]
[Date "2016.09.19"]
[Round "1"]
[White "Prize64"]
[Black "Goofy"]
[WhiteElo "2380"]
[BlackElo "2310"]
[Result "0-1"]
[Round "1"]
1.e4 e5
2.Ng1f3 Nb8c6
3.Bf1c4 Ng8f6
4.d3 Bf8e7
5.c3 d5
6.exd5 Nf6xd5
7.O-O O-O
8.Rf1e1 Be7f6
9.h3 a6
10.Bc4b3 Rf8e8
11.d4 e4
12.Nf3e5 Bc8f5
13.Ne5xc6 bxc6
14.Nb1a3 Bf6g5
15.Na3c4 Re8e6
16.Nc4e3 Nd5xe3
17.Bc1xe3 Re6g6
18.Qd1h5 Qd8f6
19.Be3xg5 Rg6xg5
 { time }
0-1

[Event "Match"]
[Site "www.echecsemail.com"]
[Date "2016.09.19"]
[Round "1"]
[White "Whitekknight"]
[Black "Raulazo"]
[WhiteElo "1970"]
[BlackElo "1910"]
[Result "0-1"]
[Round "1"]
1.e4 e5
2.Ng1f3 Nb8c6
3.Bf1c4 h6
4.Nb1c3 Ng8f6
5.d3 Bf8b4
6.Bc1d2 Nc6d4
7.Nf3xe5 O-O
8.O-O d6
9.Ne5f3 Nd4c6
10.a3 Bb4c5
11.b4 Bc5d4
12.Nf3xd4 Nc6xd4
13.Nc3e2 Nd4xe2
14.Qd1xe2 c6
15.Bd2c3 b5
16.Bc4b3 Rf8e8
17.f4 Bc8g4
18.Qe2e3 Qd8b6
19.Bc3d4 Qb6c7
20.Bd4xf6 gxf6
21.Qe3g3 Qc7b6
22.Kh1 h5
23.h3 f5
24.hxg4 hxg4
25.Ra1e1 Kg7
26.Rf1f2 Re8h8
27.Kg1 Rh8h6
{ resign }
0-1

[Event "Match"]
[Site "www.echecsemail.com"]
[Date "2016.09.19"]
[Round "1"]
[White "Jweimar"]
[Black "Babedad"]
[WhiteElo "1409"]
[BlackElo "2119"]
[Result "0-1"]
[Round "1"]
1.e3 d5
2.d4 Bc8f5
3.c4 e6
4.b3 Ng8f6
5.h3 c6
6.f3 Bf8e7
7.Bf1d3 Bf5xd3
8.Qd1xd3 O-O
9.Ng1e2 Nb8d7
10.O-O Qd8c7
11.Nb1d2 Nf6h5
12.f4 f5
13.Rf1f3 Nh5f6
14.Ne2g3 Nf6e4
15.Nd2xe4 fxe4
16.Ng3xe4 dxe4
17.Qd3xe4 Qc7d6
18.c5 Qd6d5
19.Qe4d3 Nd7f6
20.Bc1d2 Nf6e4
21.Bd2e1 Ne4xc5
22.Qd3c2 Nc5e4
23.Ra1d1 Qd5f5
24.g4 Qf5d5
25.Kg2 a5
26.Qc2b1 Ne4d6
27.g5 Qd5e4
28.Qb1c1 Be7xg5
 { time }
0-1

[Event "Match"]
[Site "www.echecsemail.com"]
[Date "2016.09.19"]
[Round "1"]
[White "Sik"]
[Black "Fangshuo"]
[WhiteElo "1860"]
[BlackElo "2100"]
[Result "0-1"]
[Round "1"]
1.c4 e5
2.Nb1c3 Nb8c6
3.g3 Bf8b4
4.a3 Bb4xc3
5.bxc3 f5
6.Bf1g2 Ng8f6
7.d3 O-O
8.f4 e4
9.d4 Nc6a5
{ resign }
0-1

[Event "Match"]
[Site "www.echecsemail.com"]
[Date "2016.09.19"]
[Round "1"]
[White "Jesmantiz"]
[Black "Sundar"]
[WhiteElo "2170"]
[BlackElo "2140"]
[Result "1-0"]
[Round "1"]
1.d4 d5
2.e3 c6
3.f4 Ng8f6
4.Bf1d3 e6
5.Nb1d2 Nb8d7
6.Ng1f3 Nf6g4
7.Qd1e2 f5
8.O-O Bf8e7
9.c4 O-O
10.Nf3e5 Nd7xe5
11.fxe5 Be7g5
12.Nd2f3 Bg5e7
13.a3 a6
14.c5 b6
15.b4 a5
16.Bc1d2 bxc5
17.bxc5 Bc8d7
18.h3 Ng4h6
19.Nf3h2 Bd7e8
20.g3 Be8g6
21.g4 Kh8
22.Ra1b1 Qd8c7
23.Rb1b6 Rf8b8
24.Rf1b1 Rb8xb6
25.Rb1xb6 Be7xc5
26.dxc5 Qc7xe5
27.Rb6xc6 Bg6e8
28.Rc6b6 fxg4
29.Nh2xg4 Qe5a1
30.Kg2 Be8h5
31.Rb6xe6 Qa1xa3
32.c6 Nh6xg4
33.hxg4 Bh5xg4
34.Qe2xg4 Qa3xd3
35.Qg4d4 Qd3e2
36.Kg3 Ra8f8
37.Qd4f4 Rf8g8
38.Bd2c3 Qe2d1
39.Qf4f2 Qd1d3
40.Bc3d4 Qd3f5
41.Qf2xf5 { resign }
1-0

[Event "Fast Game"]
[Site "www.echecsemail.com"]
[Date "2016.09.19"]
[Round "1"]
[White "Attatroll"]
[Black "Krazy4chess"]
[WhiteElo "1860"]
[BlackElo "1839"]
[Result "0-1"]
[Round "1"]
1.e4 c5
2.Nb1c3 Nb8c6
3.g4 g6
4.Bf1g2 Bf8g7
5.d3 d6
6.h3 e6
7.Bc1e3 Ng8e7
8.f4 Qd8a5
9.Ng1e2 Nc6d4
10.O-O Nd4xe2
11.Nc3xe2 Bg7xb2
12.Ra1b1 Qa5xa2
13.f5 Ra8b8
14.fxe6 Bc8xe6
15.Ne2f4 Bb2e5
16.Nf4xe6 Qa2xe6
17.Qd1f3 b6
18.Be3h6 Ne7c6
19.Kh1 Rb8b7
20.Bh6f4 O-O
21.Bf4xe5 dxe5
22.Qf3f6 Qe6xf6
23.Rf1xf6 Nc6d4
24.Rf6d6 Nd4xc2
25.g5 Rb7c7
26.h4 Nc2d4
27.Bg2h3 b5
28.Rd6d7 Rc7xd7
29.Bh3xd7 b4
30.Bd7a4 a5
31.Rb1c1 b3
32.Rc1xc5 b2
{ resign }
0-1

[Event "Fast Game"]
[Site "www.echecsemail.com"]
[Date "2016.09.19"]
[Round "1"]
[White "Ranjachess"]
[Black "4m6az"]
[WhiteElo "1820"]
[BlackElo "1759"]
[Result "1-0"]
[Round "1"]
1.d4 e6
2.a3 c5
3.d5 exd5
4.Qd1xd5 Nb8c6
5.e4 Nc6d4
6.Bf1c4 Qd8e7
7.Bc4d3 Ng8f6
8.Bc1g5 d6
9.c3 Nd4c6
10.Bg5xf6 Qe7xf6
11.Nb1d2 g6
12.Ng1f3 h6
13.Bd3b5 Bc8d7
14.Bb5xc6 Bd7xc6
15.e5 dxe5
16.Nd2e4 Qf6e7
17.Qd5d3 Ra8d8
18.Qd3c4 f5
19.Ne4g3 b5
20.Qc4h4 Bc6xf3
21.Qh4xe7 Bf8xe7
22.gxf3 Rd8d3
23.Ke2 c4
24.Rh1d1 Rd3xd1
25.Ra1xd1 Kf7
26.Rd1d7 a5
27.b4 axb4
28.axb4 Rh8b8
29.Ke3 f4
30.Ke4 fxg3
31.fxg3 Kf6
32.f4 exf4
33.Kxf4 Ke6
34.Rd7d4 g5
35.Kg4 Be7f6
36.Rd4e4 Kf7
37.Re4e3 Rb8a8
38.Kf5 Ra8a3
39.Re3e6 Bf6xc3
40.Re6xh6 Bc3xb4
41.Rh6h7 Kg8
42.Rh7b7 Ra3a5
43.Kxg5 Bb4d2
44.Kg6 c3
45.Rb7b8 
1-0

[Event "Tourn. n8923"]
[Site "www.chess-mail.com"]
[Date "2016.09.20"]
[Round "1"]
[White "Hundegana"]
[Black "Liencam2"]
[WhiteElo "1980"]
[BlackElo "2290"]
[Result "0-1"]
[Round "1"]
1.e4 c5
2.f4 d5
3.e5 Nb8c6
4.h3 e6
5.Ng1f3 Bf8e7
6.g3 Ng8h6
7.Bf1g2 Nh6f5
8.Kf2 Qd8b6
9.c3 c4
10.Nf3d4 Nf5xd4
11.cxd4 Nc6xd4
12.Kf1 Bc8d7
13.Nb1c3 O-O
14.d3 Bd7b5
15.Nc3xb5 Qb6xb5
16.dxc4 Qb5xc4
17.Kg1 Ra8c8
18.Bc1e3 Nd4c2
19.Be3xa7 Nc2xa1
20.Qd1xa1 Qc4e2
21.Bg2f1 Qe2f3
22.Qa1e1 Be7c5
23.Ba7xc5 Rc8xc5
24.Rh1h2 Rf8c8
25.Rh2f2 Qf3xg3
26.Bf1g2 Rc5c1
27.Qe1f1 Rc1xf1
28.Rf2xf1 Rc8c2
{ resign }
0-1

[Event "Tourn. n8942"]
[Site "www.chess-mail.com"]
[Date "2016.09.20"]
[Round "1"]
[White "Attatroll"]
[Black "4m6az"]
[WhiteElo "1860"]
[BlackElo "1809"]
[Result "1-0"]
[Round "1"]
1.e4 e5
2.f4 Bf8c5
3.Ng1f3 d6
4.Bf1c4 exf4
5.d4 Bc5b6
6.O-O g5
7.c3 g4
8.Nf3d2 Qd8g5
9.Nd2b3 Ng8f6
10.Bc1xf4 Qg5h4
11.Bf4g3 Qh4g5
12.Qd1e1 Bc8e6
13.Bc4xe6 fxe6
14.Bg3h4 Qg5h6
15.Bh4xf6 Rh8f8
16.Bf6h4 Rf8xf1
17.Kxf1 Qh6f4
18.Bh4f2 Qf4xh2
19.Nb1d2 Qh2f4
20.Qe1e3 Qf4h2
21.Qe3g5 h5
22.Qg5g8 Kd7
23.Qg8f7 Kc6
24.Qf7e8 Nb8d7
25.d5 exd5
26.exd5 Kxd5
27.Qe8xd7 Qh2h1
28.Ke2 Qh1xg2
29.c4 Ke5
30.Qd7e7 Kf5
31.Qe7f7 Kg5
32.Qf7d5 Qg2xd5
33.cxd5 Ra8e8
34.Kf1 Re8f8
35.Nd2e4 Kh6
36.Kg2 Bb6xf2
37.Ne4xf2 Rf8f5
38.Ra1d1 Kg5
39.Nf2e4 Kg6
40.Nb3d4 Rf5xd5
41.Rd1d2 c5
42.Nd4b5 Rd5xd2
43.Ne4xd2 d5
44.Nb5xa7 h4
45.Na7c8 Kf6
46.Nc8d6 b6
47.Nd2f1 d4
48.Nf1d2 Kg5
49.Nd2c4 Kf4
50.Nc4xb6 h3
51.Kh1 g3
52.a4 g2
53.Kg1 Ke5
54.Nd6c4 Ke4
55.a5 Kf3
56.Nc4d2 Ke2
57.Nb6c4 d3
58.a6 Kd1
59.a7 { resign }
1-0

[Event "Tourn. n8953"]
[Site "www.chess-mail.com"]
[Date "2016.09.20"]
[Round "1"]
[White "4m6az"]
[Black "Francesco"]
[WhiteElo "1950"]
[BlackElo "1970"]
[Result "0-1"]
[Round "1"]
1.e3 e5
2.c4 Ng8f6
3.a3 d5
4.cxd5 Nf6xd5
5.Bf1c4 Nb8c6
6.Qd1f3 Nd5f6
7.h3 Bf8e7
8.Bc4b5 Bc8d7
9.Nb1c3 O-O
10.Bb5e2 a6
11.g4 Bd7e6
12.d3 Nf6d5
13.e4 Nd5f6
14.g5 Nc6d4
15.Qf3g3 Nd4c2
16.Kf1 Nc2xa1
17.gxf6 Be7xf6
18.Ng1f3 Na1c2
19.Nf3g5 Nc2d4
20.Qg3h4 h6
21.Rh1g1 Bf6xg5
22.Bc1xg5 hxg5
23.Rg1xg5 Nd4xe2
24.Nc3xe2 Qd8f6
25.Kg2 Rf8d8
26.f4 exf4
27.Ne2xf4 Qf6xb2
28.Kg3 Qb2f6
29.e5 Qf6e7
30.Qh4h6 g6
31.Nf4xg6 Rd8xd3
32.Kf4 Qe7xg5
33.Qh6xg5 Rd3xh3
34.Ng6e7 Kf8
35.Qg5g8 Kxe7
36.Qg8xa8 Be6d5
37.Qa8g8 Rh3xa3
38.Qg8g5 Kd7
39.Qg5g4 Bd5e6
40.Qg4d1 Kc8
41.Qd1g1 Ra3a4
42.Kg5 Ra4g4
{ resign }
0-1

[Event "Tourn. n8937"]
[Site "www.chess-mail.com"]
[Date "2016.09.20"]
[Round "1"]
[White "Yvis92"]
[Black "Vasylpuzanov"]
[WhiteElo "1799"]
[BlackElo "1870"]
[Result "0-1"]
[Round "1"]
1.e4 e5
2.d4 exd4
3.Ng1f3 c5
4.c3 Nb8c6
5.cxd4 cxd4
6.Nf3xd4 Bf8c5
7.Bc1e3 Qd8f6
 { time }
0-1

[Event "Tourn. n8930"]
[Site "www.chess-mail.com"]
[Date "2016.09.20"]
[Round "1"]
[White "Prize64"]
[Black "Ejner"]
[WhiteElo "2370"]
[BlackElo "2480"]
[Result "0-1"]
[Round "1"]
1.e4 e6
2.d4 d5
3.Nb1c3 Bf8b4
4.e5 c5
5.a3 Bb4xc3
6.bxc3 Ng8e7
7.Qd1g4 Ne7f5
8.Bf1d3 h5
9.Qg4f4 Qd8c7
10.Ng1e2 Nf5e7
11.dxc5 Nb8d7
12.Qf4g3 Qc7xe5
13.f4 h4
 { time }
0-1

[Event "Tourn. n8964"]
[Site "www.chess-mail.com"]
[Date "2016.09.20"]
[Round "1"]
[White "Sundar"]
[Black "Norlavuaram"]
[WhiteElo "2180"]
[BlackElo "2150"]
[Result "0-1"]
[Round "1"]
1.d4 Ng8f6
2.c4 c5
3.e3 g6
4.Ng1f3 Bf8g7
5.Nb1d2 O-O
6.b3 d6
7.Bc1b2 Nb8c6
8.Bf1e2 cxd4
9.exd4 Bc8d7
10.O-O Ra8c8
11.h3 d5
12.a3 Qd8c7
13.Ra1c1 Qc7b8
14.c5 Rf8e8
15.b4 a6
16.Nd2b3 Nf6e4
17.Be2d3 f5
18.Qd1e2 e5
19.Qe2c2 Re8e7
20.Rc1e1 Rc8e8
21.Bd3xe4 fxe4
22.Nf3g5 exd4
23.Nb3a5 Nc6xa5
24.bxa5 h6
25.Qc2b3 Bd7c6
26.Re1d1 hxg5
27.Bb2xd4 Qb8f4
28.Bd4xg7 Kxg7
29.a4 e3
30.Qb3b2 Kh7
31.fxe3 Qf4xe3
32.Kh1 d4
33.Kh2 Qe3e5
34.Kh1 Qe5g3
35.Rd1d2 Re7e1
36.Kg1 Re1xf1
37.Kxf1 Re8e1

0-1

[Event "Tourn. n8920"]
[Site "www.chess-mail.com"]
[Date "2016.09.20"]
[Round "1"]
[White "Osopanda"]
[Black "Bojan"]
[WhiteElo "2000"]
[BlackElo "1870"]
[Result "0-1"]
[Round "1"]
1.e4 e5
2.f4 exf4
3.Ng1f3 d5
4.exd5 Qd8xd5
5.d4 Bf8d6
6.c4 Qd5e4
7.Bf1e2 Bc8g4
8.O-O h6
9.Nb1c3 Qe4g6
10.Rf1e1 Ng8e7
11.Be2d3 Qg6f6
12.Nc3e4 Qf6g6
13.Ne4xd6 Qg6xd6
14.c5 Qd6f6
15.d5 O-O
16.Bd3c4 Ne7g6
17.Bc1d2 Nb8d7
18.b4 Rf8e8
19.Ra1c1 Nd7e5
20.Bd2c3 Qf6d8
21.Bc4e2 Ne5xf3
22.gxf3 Bg4f5
23.Qd1d4 Re8e5
24.Be2c4 Qd8g5
25.Kh1 Ra8e8
26.Re1xe5 Re8xe5
27.Rc1g1 Qg5h5
28.Qd4f2 Re5e3
29.Bc3a1 Re3xf3
30.Qf2b2 f6
31.d6 Kh7
32.Bc4e2 Bf5e4
33.dxc7 Rf3f1
{ resign }
0-1

[Event "Tourn. n8858"]
[Site "www.chess-mail.com"]
[Date "2016.09.20"]
[Round "1"]
[White "Kampungboy"]
[Black "Ejner"]
[WhiteElo "2200"]
[BlackElo "2440"]
[Result "1/2-1/2"]
[Round "1"]
1.e4 e6
2.d4 d5
3.Nb1c3 Bf8b4
4.e5 c5
5.Qd1g4 Ng8e7
6.dxc5 Nb8c6
7.Qg4xg7 Rh8g8
8.Qg7xh7 d4
9.a3 Qd8a5
10.Ra1b1 dxc3
11.Bc1e3 Bc8d7
12.Ng1f3 O-O-O
13.Bf1d3 Bb4xc5
14.b4 Bc5xb4
15.axb4 Nc6xb4
16.O-O Nb4xd3
17.Qh7xd3 Bd7c6
18.Qd3c4 Qa5c7
19.Nf3e1 Qc7xe5
20.Qc4c5 Qe5xc5
21.Be3xc5 Ne7d5
22.f3 b6
23.Bc5f2 e5
24.Ne1d3 f6
25.g3 Kc7
26.Rb1a1 a5
27.Rf1b1 Rd8a8
28.Ra1a3 Rg8e8
29.Bf2e1 e4
30.fxe4 Re8xe4
31.Be1xc3 Re4c4
32.Bc3d2 Rc4xc2
33.Rb1b2 Rc2xb2
34.Nd3xb2 Ra8e8
35.h4 Re8e2
36.Ra3d3 Kd6
37.h5 Ke6
38.h6 Kf7
39.Rd3d4 Nd5e3
40.Bd2xe3 Re2xe3
41.Kf2 Re3f3
42.Ke1 Rf3xg3
43.Rd4d6 Rg3g1
44.Kd2 Rg1g2
45.Kc3 Bc6e4
46.Rd6xb6 Rg2h2
47.Nb2c4 Be4d5
48.Nc4d6 Kg6
49.Nd6e8 Rh2xh6
50.Rb6xf6 Kg5
51.Rf6xh6 { draw }
1/2-1/2

[Event "Tourn. n8737"]
[Site "www.chess-mail.com"]
[Date "2016.09.20"]
[Round "1"]
[White "Geretree"]
[Black "Neo"]
[WhiteElo "1900"]
[BlackElo "1780"]
[Result "0-1"]
[Round "1"]
1.e4 e5
2.Ng1f3 d6
3.Nb1c3 b6
4.Bf1c4 Bc8b7
5.d3 Nb8c6
6.Bc1e3 g6
7.Be3g5 Qd8d7
8.Nc3d5 Bf8g7
9.Qd1d2 Nc6e7
10.O-O-O O-O-O
11.Nd5xe7 Ng8xe7
12.Bc4xf7 Kb8
13.Bg5h6 Bg7xh6
14.Qd2xh6 Qd7g4
15.Rh1g1 Ne7g8
16.Bf7xg8 Rd8xg8
17.h3 Qg4e6
18.g4 Qe6f6
19.Qh6g5 Qf6g7
20.Rd1f1 h6
21.Qg5d2 g5
22.Qd2c3 Qg7f8
23.Nf3d2 Qf8f4
24.Kb1 Rg8f8
25.f3 Qf4h2
26.Rg1h1 Qh2g3
27.d4 exd4
28.Qc3xd4 Qg3f4
29.a4 Bb7a6
30.c4 Qf4f7
31.b4 Qf7e8
32.b5 Ba6b7
33.Kc2 Rf8f4
34.Rf1a1 a5
35.Ra1a3 Rh8f8
36.Rh1f1 Qe8g6
37.Ra3e3 Rf8e8
38.Rf1e1 h5
39.Nd2f1 hxg4
40.hxg4 Qg6h7
41.Nf1g3 Qh7h2
42.Ng3e2 Re8e5
43.Kd3 Rf4f8
44.Ne2c3 Qh2f2
45.Re1e2 Qf2f1
46.Nc3d5 Rf8xf3
47.Re3xf3 Qf1xf3
48.Qd4e3 Qf3f1
49.Qe3f2 Qf1d1
50.Re2d2 Qd1b1
51.Rd2c2 Bb7c8
52.Qf2f8 Qb1d1
53.Rc2d2 Qd1xg4
54.Nd5f6 Qg4h3
55.Kd4 Qh3e6
56.Rd2e2 c5
57.bxc6 Kc7
58.Nf6d7 Bc8xd7
59.cxd7 Kxd7
60.Qf8a8 g4
61.Qa8b7 Ke8
62.Qb7xb6 g3
63.Qb6c6 Ke7
64.Re2g2 Re5c5
65.Qc6b7 Ke8
66.Rg2xg3 Qe6xc4
67.Ke3 Qc4c1
68.Kd4 Qc1c4
69.Ke3 Qc4c3
70.Kf4 Qc3e5
71.Kg4 Qe5g5
72.Kh3 Qg5h5
73.Kg2 Rc5c2
{ resign }
0-1

[Event "Tourn. n8845"]
[Site "www.chess-mail.com"]
[Date "2016.09.20"]
[Round "1"]
[White "Olddog55"]
[Black "Azulmarino"]
[WhiteElo "1680"]
[BlackElo "1570"]
[Result "1-0"]
[Round "1"]
1.d4 d5
2.Ng1f3 Nb8c6
3.e3 Bc8g4
4.Bf1d3 Ng8f6
5.O-O h6
6.Nb1d2 e6
7.c4 Bf8d6
8.Qd1b3 Nc6a5
9.Qb3a4 Na5c6
10.c5 Bd6e7
11.Nf3e5 h5
12.Ne5xc6 Qd8d7
13.Bd3b5 O-O
14.Nc6xa7 c6
15.Bb5d3 Qd7c7
16.f3 Bg4f5
17.e4 Bf5g6
18.b4 Nf6d7
19.f4 f5
20.e5 h4
21.Rf1f3 Bg6e8
22.Rf3h3 Nd7b8
23.Ra1b1 Nb8a6
24.b5 Ra8xa7
25.bxa6 Ra7xa6
26.Bd3xa6 bxa6
27.Qa4xa6 Be8h5
28.Rb1b7 Qc7c8
29.Qa6a7 Bh5g4
30.Rh3b3 Qc8e8
31.Rb7xe7 Qe8g6
32.Qa7d7 Bg4h3
33.Rb3xh3 Qg6h6
34.Nd2f3 Qh6h5
35.Qd7xe6 Kh7
36.Rh3xh4 Qh5xh4
37.Nf3xh4 { resign }
1-0

[Event "Tourn. n8869"]
[Site "www.chess-mail.com"]
[Date "2016.09.20"]
[Round "1"]
[White "Yangqi"]
[Black "Prize64"]
[WhiteElo "2680"]
[BlackElo "2390"]
[Result "1-0"]
[Round "1"]
1.e4 c5
2.Ng1f3 Nb8c6
3.Bf1b5 g6
4.Bb5xc6 bxc6
5.O-O Bf8g7
6.Rf1e1 Ng8h6
7.c3 O-O
8.d4 cxd4
9.cxd4 f6
10.Nb1c3 Nh6f7
11.h3 d6
12.Bc1e3 f5
13.Ra1c1 Bc8d7
14.e5 d5
15.Nc3a4 e6
16.Na4c5 Qd8e7
17.Re1e2 Ra8b8
18.Re2c2 Rf8c8
19.Qd1e2 Bd7e8
20.b3 g5
21.Be3d2 h6
22.Nf3e1 Nf7d8
23.f4 Be8g6
24.Ne1d3  { time }
1-0

[Event "Tourn. n8884"]
[Site "www.chess-mail.com"]
[Date "2016.09.20"]
[Round "1"]
[White "Taxrama"]
[Black "Azulmarino"]
[WhiteElo "1760"]
[BlackElo "1610"]
[Result "1-0"]
[Round "1"]
1.e4 e5
2.Ng1f3 Nb8c6
3.Bf1c4 h6
4.Nb1c3 Bf8c5
5.Qd1e2 Qd8f6
6.Nc3d5 Qf6d6
7.d3 Ng8f6
8.h3 Nc6e7
9.Nd5c3 a6
10.O-O c6
11.Bc1d2 Ne7g6
12.Qe2e1 b5
13.Bc4b3 O-O
14.a3 Qd6e7
15.Qe1e2 Ng6f4
16.Bd2xf4 exf4
17.e5 Nf6h5
18.d4 Nh5g3
19.fxg3 fxg3
20.dxc5 Qe7xc5
21.Kh1 d6
22.Nc3e4 Qc5b6
23.Ne4xd6 Bc8d7
24.Nf3h4 Bd7e8
25.Qe2h5 Ra8a7
26.Qh5g6 Be8d7
27.Nh4f5 Bd7xf5
28.Nd6xf5 c5
29.Qg6xg7 
1-0

[Event "Tourn. n8953"]
[Site "www.chess-mail.com"]
[Date "2016.09.20"]
[Round "1"]
[White "Bojan"]
[Black "Awfen"]
[WhiteElo "1960"]
[BlackElo "2020"]
[Result "0-1"]
[Round "1"]
1.e4 Nb8c6
2.d4 e5
3.d5 Nc6e7
4.f4 Ne7g6
5.f5 Qd8h4
6.Kd2 Ng6e7
7.Qd1f3 Qh4h6
8.Kd1 Qh6b6
9.Bf1d3 Ng8f6
10.b3 d6
11.Ng1h3 Qb6d4
12.c3 Qd4b6
13.b4 Bc8d7
14.Bc1e3 c5
15.a3 Bd7a4
16.Ke1 Ra8c8
17.Nb1d2 Qb6c7
18.Kf2 a6
19.g4 Nf6d7
20.g5 Nd7b6
21.Ra1c1 Ba4b5
22.c4 Bb5a4
23.Kg3 f6
24.gxf6 gxf6
25.Qf3h5 Kd8
26.Qh5f7 Ne7xf5
27.exf5 Qc7xf7
28.Bd3e2 Rh8g8
29.Kf2 Ba4d7
30.Nd2e4 Bd7xf5
31.Ne4g5 fxg5
32.Nh3xg5 Qf7f6
33.Rh1g1 Bf5g4
34.Ke1 Bg4xe2
35.Kxe2 Kd7
36.Rc1f1 Qf6g6
37.Rf1f7 Bf8e7
38.Rg1f1 Nb6xc4
39.Ng5xh7 Ke8
40.Nh7g5 Nc4xe3
41.Kxe3 Be7xg5
{ resign }
0-1

[Event "Match"]
[Site "www.echecsemail.com"]
[Date "2016.09.20"]
[Round "1"]
[White "Rindrandria"]
[Black "Ranjachess"]
[WhiteElo "1670"]
[BlackElo "1760"]
[Result "1-0"]
[Round "1"]
1.f3 e5
2.d4 exd4
3.Qd1xd4 Nb8c6
4.Qd4a4 d5
5.Bc1f4 Bc8f5
6.Nb1d2 Qd8f6
7.O-O-O O-O-O
8.g4 Bf5g6
9.Ng1h3 a6
10.Bf4g5 Qf6e6
11.Bg5xd8 Kxd8
12.Nh3f4 Qe6d6
13.Nf4xd5 Qd6xd5
14.Nd2c4 Qd5xd1
15.Kxd1 Nc6b4
16.e4 b5
17.Qa4b3 bxc4
18.Bf1xc4 Ng8f6
19.a3 Nb4c6
20.Bc4xa6 Bf8d6
21.h4 h5
22.g5 Nf6d7
23.Qb3b7 Ke7
24.Qb7xc6 Nd7b8
25.Qc6b7 f6
26.Rh1g1 Bd6f4
27.Qb7b4 Bf4d6
28.gxf6 Kxf6
29.Qb4a5 Rh8e8
30.Qa5g5 Kf7
31.Qg5xg6 Kf8
32.Qg6xg7 
1-0

[Event "Match"]
[Site "www.echecsemail.com"]
[Date "2016.09.20"]
[Round "1"]
[White "Hundegana"]
[Black "Karpov35"]
[WhiteElo "2090"]
[BlackElo "1809"]
[Result "0-1"]
[Round "1"]
1.f4 e5
2.d3 Nb8c6
3.c3 Ng8f6
4.g3 d6
5.Bf1g2 Bf8e7
6.Nb1a3 Bc8e6
7.e4 exf4
8.Bc1xf4 d5
9.e5 Nf6d7
10.Ng1f3 O-O
11.d4 f6
12.O-O Be7xa3
13.bxa3 Nc6e7
14.Qd1e1 fxe5
15.Nf3xe5 Be6f5
16.Ne5xd7 Qd8xd7
17.Rf1f2 Ra8e8
18.Qe1d2 Ne7g6
19.Ra1e1 Ng6xf4
20.Rf2xf4 Bf5h3
21.Re1xe8 Rf8xe8
22.Bg2f3 c6
23.Kf2 Bh3f5
24.g4 Bf5e4
25.h3 Qd7d6
26.Qd2c1 Be4xf3
27.Kxf3 Qd6e7
28.a4 Qe7e2
29.Kg3 Qe2e3
30.Qc1xe3 Re8xe3
31.Rf4f3 Re3xf3
32.Kxf3 g5
33.Ke3 Kf7
34.Kd3 Ke6
35.c4 Kd6
36.c5 Kc7
37.Kc3 b6
38.Kb4 bxc5
39.Kxc5 Kb7
40.a5 h6
41.a3 Kc7
42.a6 Kd7
43.a4 Kc7
44.a5 Kd7
45.Kb4 Kd6
46.Kc3 c5
47.dxc5 Kxc5
48.Kd3 d4
49.Kd2 Kc4
50.Kc2 d3
51.Kd2 Kd4
52.Kd1 Ke3
53.Ke1 d2
54.Kd1 Kd3
55.h4 gxh4
56.g5 h3
57.g6 h2
58.g7 h1R
{ resign }
0-1

[Event "Match"]
[Site "www.echecsemail.com"]
[Date "2016.09.20"]
[Round "1"]
[White "Irene"]
[Black "Liencam2"]
[WhiteElo "2120"]
[BlackElo "2320"]
[Result "0-1"]
[Round "1"]
1.d4 Ng8f6
2.Nb1c3 c5
3.d5 d6
4.e4 g6
5.Bc1g5 Bf8g7
6.Bf1b5 Nf6d7
7.Qd1f3 Nb8a6
8.Bb5xa6 bxa6
9.Ng1h3 Ra8b8
10.b3 Nd7e5
11.Qf3g3 Qd8a5
12.O-O Ne5g4
13.Bg5d2 Bg7e5
14.Qg3d3 Be5xh2
15.Kh1 Bh2e5
16.Ra1d1 Be5g7
17.Nc3a4 Qa5d8
18.Nh3g5 O-O
19.Qd3g3 h6
20.Ng5h3 Ng4f6
21.Qg3h4 Bc8xh3
22.Qh4xh3 Nf6xe4
23.Bd2xh6 f5
24.Bh6xg7 Kxg7
25.g3 Rf8h8
26.Qh3xh8 Qd8xh8
27.Kg2 Kf7
28.Rf1h1 Qh8g7
29.Rh1h4 Rb8h8
30.Rh4f4 Qg7h6
31.Rf4h4 Qh6g7
32.Rh4f4 Ne4f6
33.c4 Nf6g4
34.Rf4f3 Rh8h2
35.Kf1 Qg7e5
36.Rd1d2 Qe5e4
37.Rd2d3 Ng4e5
38.Rd3e3 Qe4b1
39.Ke2 Qb1c2
40.Kf1 Qc2d1
41.Re3e1 Rh2h1
{ resign }
0-1